GUERRE D'INDOCHINE - Statistiques

Statistiques générales
  • Ce quiz a été pris 20 fois
  • Le résultat moyen est 2 sur 11
Statistiques - réponses
Événement Date % Correct
Hô Chi Minh proclame l'indépendance de la République démocratique du Viêt Nam 2 septembre 1945
73%
Défaite française à la bataille de la RC4 1950
40%
L'entrée à l'ONU est refusée au Vietnam, Cambodge et Laos 1952
40%
Début de la guerre : attaque de Hanoi 19 décembre 1946
27%
Le Japon renverse l'administration coloniale française mars 1945
13%
Bataille de Dien Bien Phu 13 mars - 7 mai 1954
7%
De Lattre Tassigny envoyé en Indochine 1950-1951
7%
Accords Hô-Sainteny → Les Français reconnaissent la République du Viêt Nam dans l'Union française, mais les tensions restent vives. 6 mars 1946
7%
Conférence de Fontainebleau juillet 1946
7%
Début de l'installation française à Diên Biên Phu novembre 1953
7%
Accords de la Baie d'Along Création de l'État du Viêt Nam (soutenu par la France), dirigé par Bao Daï. 4 juin 1949
0%
Aucun quiz correspondant
Distribution des résultats
% des personnes avec chaque résultat
Percentile par nombre de réponses
Votre historique - résultats
Vous n’avez pas pris ce quiz